[Event "Mumbai Aurionpro GM op"]
[Site "Mumbai"]
[Date "2025.06.24"]
[Round "9"]
[White "Arnav, Agrawal"]
[Black "Nithin, Babu"]
[Result "0-1"]
[WhiteElo "2096"]
[BlackElo "2360"]
[PlyCount "96"]
[EventDate "2025.06.16"]
[EventType "swiss"]
[EventRounds "9"]
[EventCountry "IND"]
[SourceTitle "CB26_2025"]
[SourceDate "2025.06.25"]
[SourceVersion "1"]
[SourceVersionDate "2025.06.25"]
[SourceQuality "1"]

1. d4 d5 2. c4 c6 3. Nc3 Nf6 4. Nf3 e6 5. Bg5 dxc4 6. e4 b5 7. e5 h6 8. Bh4 g5 9. Nxg5 hxg5 10. Bxg5 Be7 11. exf6 Bxf6 12. Bxf6 Qxf6 13. g3 Na6 14. Bg2 Bb7 15. Ne4 Qe7 16. h4 0-0-0 17. 0-0 c5 18. a4 Rxd4 19. Qe2 b4 20. Rac1 Bd5 21. Rfd1 Rxd1+ 22. Rxd1 Rd8 23. Qe3 Nb8 24. Rc1 Nc6 25. Nxc5 Qf6 26. b3 c3 27. Qe2 Qd4 28. Qb5 Kc7 29. Na6+ Kd6 30. Qe2 Ke7 31. Qb5 Qd2 32. Rf1 Bxg2 33. Kxg2 Qd5+ 34. Kh2 Kf6 35. Qb7 Rd7 36. Qb5 Kg7 37. Rc1 e5 38. Qe2 Qd2 39. Qg4+ Kf8 40. Rf1 c2 41. h5 Qd3 42. Rc1 Qd2 43. Rxc2 Qxc2 44. Qxd7 Qxf2+ 45. Kh3 Qf1+ 46. Kh4 Qxa6 47. h6 Qb6 48. Qg4 Qd4 0-1

[Event "Mumbai Aurionpro GM op"]
[Site "Mumbai"]
[Date "2025.06.22"]
[Round "7"]
[White "Arnav, Agrawal"]
[Black "Tologontegin, Semetey"]
[Result "0-1"]
[WhiteElo "2096"]
[BlackElo "2322"]
[PlyCount "70"]
[EventDate "2025.06.16"]
[EventType "swiss"]
[EventRounds "9"]
[EventCountry "IND"]
[SourceTitle "CB26_2025"]
[SourceDate "2025.06.25"]
[SourceVersion "1"]
[SourceVersionDate "2025.06.25"]
[SourceQuality "1"]

1. d4 Nf6 2. c4 g6 3. Nc3 Bg7 4. Nf3 d6 5. Bg5 h6 6. Bh4 g5 7. Bg3 Nh5 8. e3 c5 9. dxc5 Nxg3 10. hxg3 dxc5 11. Qxd8+ Kxd8 12. 0-0-0+ Bd7 13. Bd3 Kc8 14. Bc2 Rd8 15. Ba4 Bxa4 16. Rxd8+ Kxd8 17. Nxa4 Nd7 18. g4 Rc8 19. Kc2 Rc6 20. Nc3 Ra6 21. a3 Bxc3 22. Kxc3 Nf6 23. Ne5 Ne4+ 24. Kc2 Nxf2 25. Rxh6 Rxh6 26. Nxf7+ Ke8 27. Nxh6 e6 28. Kd2 Kf8 29. Ke2 Ne4 30. Kd3 Nf6 31. b4 Kg7 32. Nf5+ exf5 33. gxf5 b6 34. e4 Nd7 35. bxc5 bxc5 0-1

[Event "Bhubaneswar op 16th"]
[Site "Bhubaneswar"]
[Date "2025.05.13"]
[Round "7"]
[White "Arnav, Agrawal"]
[Black "Nidhish, Shyamal"]
[Result "1-0"]
[WhiteElo "2259"]
[BlackElo "1855"]
[PlyCount "71"]
[EventDate "2025.05.09"]
[EventType "swiss"]
[EventRounds "10"]
[EventCountry "IND"]
[SourceTitle "CB21_2025"]
[SourceDate "2025.05.21"]
[SourceVersion "1"]
[SourceVersionDate "2025.05.21"]
[SourceQuality "1"]

1. d4 Nf6 2. c4 e6 3. Nc3 Bb4 4. Qc2 0-0 5. Nf3 c5 6. dxc5 Na6 7. g3 Nxc5 8. Bg2 Nce4 9. 0-0 Nxc3 10. bxc3 Be7 11. e4 d6 12. e5 dxe5 13. Nxe5 Qc7 14. Qe2 Bd6 15. Bf4 Nd7 16. Nxd7 Bxd7 17. Bxd6 Qxd6 18. Bxb7 Rab8 19. Rfd1 Qc7 20. Bg2 Rfc8 21. Rd4 e5 22. Rd2 Be6 23. Bd5 Bxd5 24. Rxd5 f6 25. Rad1 h6 26. c5 Rd8 27. Rxd8+ Rxd8 28. Qc4+ Kh8 29. Rxd8+ Qxd8 30. c6 Qc7 31. Qd5 Qb6 32. c4 Qb1+ 33. Kg2 Qb8 34. Qd7 Qb1 35. c7 Qe4+ 36. Kh3 1-0

[Event "Bhubaneswar op 16th"]
[Site "Bhubaneswar"]
[Date "2025.05.09"]
[Round "1"]
[White "Arnav, Agrawal"]
[Black "Vedant, Rupeshbhai Varasada"]
[Result "0-1"]
[WhiteElo "2259"]
[BlackElo "1971"]
[PlyCount "88"]
[EventDate "2025.05.09"]
[EventType "swiss"]
[EventRounds "10"]
[EventCountry "IND"]
[SourceTitle "CB21_2025"]
[SourceDate "2025.05.21"]
[SourceVersion "1"]
[SourceVersionDate "2025.05.21"]
[SourceQuality "1"]

1. d4 Nf6 2. c4 g6 3. Nc3 Bg7 4. Nf3 0-0 5. Bg5 h6 6. Bh4 d6 7. e3 g5 8. Bg3 Nh5 9. Bd3 Nxg3 10. hxg3 e5 11. dxe5 dxe5 12. Qc2 f5 13. e4 Nc6 14. Rd1 f4 15. gxf4 Nb4 16. Qe2 exf4 17. Bb1 Qe7 18. a3 Nc6 19. Nd5 Qf7 20. e5 Re8 21. 0-0 Nxe5 22. Nxe5 Rxe5 23. Qd2 c6 24. Nc3 Be6 25. Ne4 f3 26. Nd6 Qh5 27. Qd3 fxg2 28. Kxg2 Qg4+ 29. Qg3 Rd8 30. b4 Bf8 31. Nxb7 Qxg3+ 32. Kxg3 Rxd1 33. Rxd1 Bxc4 34. Rd8 Kg7 35. Nc5 Bxc5 36. bxc5 h5 37. Rd7+ Kf6 38. Rxa7 Rxc5 39. Be4 h4+ 40. Kg2 Ke5 41. Bf3 Kf4 42. Bh5 Bd5+ 43. Kf1 Rc1+ 44. Ke2 h3 0-1

[Event "Kottayam op"]
[Site "Kottayam"]
[Date "2025.05.07"]
[Round "10"]
[White "Arnav, Agrawal"]
[Black "Sanjay, S Pillai"]
[Result "0-1"]
[WhiteElo "2194"]
[BlackElo "2035"]
[PlyCount "106"]
[EventDate "2025.04.30"]
[EventType "swiss"]
[EventRounds "10"]
[EventCountry "IND"]
[SourceTitle "CB19_2025"]
[SourceDate "2025.05.07"]
[SourceVersion "1"]
[SourceVersionDate "2025.05.07"]
[SourceQuality "1"]

1. d4 Nf6 2. c4 c5 3. d5 e6 4. Nc3 exd5 5. cxd5 d6 6. e4 g6 7. Be2 a6 8. a4 Qe7 9. Qc2 Bg7 10. Nf3 Bg4 11. 0-0 Bxf3 12. Bxf3 Nbd7 13. Bf4 0-0 14. h3 Rab8 15. Rfe1 b5 16. axb5 axb5 17. Ra6 Ne5 18. Be2 c4 19. Bh2 Nfd7 20. Rea1 Nc5 21. Ra7 Qd8 22. Bf4 Ned3 23. Be3 Nxb2 24. Bxc5 dxc5 25. Nd1 Nxd1 26. Rxd1 Bd4 27. Rb1 Re8 28. Bg4 Qb6 29. Ra2 Re7 30. g3 h5 31. Be2 Qd6 32. Kg2 h4 33. Ra5 hxg3 34. fxg3 Reb7 35. h4 Be5 36. g4 Qf6 37. Rh1 c3 38. h5 b4 39. hxg6 fxg6 40. Ra6 b3 41. Qc1 Rb6 42. Rxb6 Rxb6 43. d6 Bf4 44. Qd1 Qxd6 45. Bc4+ Kg7 46. Bd5 c2 47. Qd3 c1Q 48. Rxc1 Bxc1 49. Qc3+ Qf6 50. e5 Qf4 51. e6+ Qd4 52. Qf3 Qf6 53. Qg3 Bf4 0-1

[Event "Kottayam op"]
[Site "Kottayam"]
[Date "2025.05.01"]
[Round "2"]
[White "Arnav, Agrawal"]
[Black "Haaziq, S."]
[Result "1-0"]
[WhiteElo "2194"]
[BlackElo "1853"]
[PlyCount "141"]
[EventDate "2025.04.30"]
[EventType "swiss"]
[EventRounds "10"]
[EventCountry "IND"]
[SourceTitle "CB19_2025"]
[SourceDate "2025.05.07"]
[SourceVersion "1"]
[SourceVersionDate "2025.05.07"]
[SourceQuality "1"]

1. d4 d5 2. c4 e6 3. Nc3 Nf6 4. cxd5 exd5 5. Bg5 Be7 6. e3 0-0 7. Bd3 c6 8. Qc2 h6 9. Bh4 Re8 10. Nf3 Ne4 11. Bxe7 Qxe7 12. 0-0 Bf5 13. Rab1 Nd7 14. b4 Nb6 15. Ne2 Nc4 16. Qd1 b5 17. a4 a6 18. a5 Bg4 19. Bxe4 Qxe4 20. Ng3 Qg6 21. Rb3 h5 22. Qd3 Bxf3 23. gxf3 h4 24. Qxg6 fxg6 25. Ne2 Nd2 26. Rc3 Nxf1 27. Kxf1 Rac8 28. f4 Kf7 29. Ng1 Rh8 30. h3 Kf6 31. Nf3 Rc7 32. Kg2 Kf5 33. Rc5 Kf6 34. Kf1 Ke6 35. Ke2 Kd6 36. Rc1 Rf7 37. Ne5 Rc7 38. Nxg6 Rh6 39. Rg1 Ke6 40. Ne5 Kf5 41. f3 g6 42. Rg5+ Ke6 43. Nxg6 Kf6 44. Ne5 Rhh7 45. Ng4+ Ke6 46. Rg6+ Kf7 47. Ne5+ Kf8 48. Rg4 Rcg7 49. Ng6+ Kf7 50. f5 Kf6 51. e4 dxe4 52. fxe4 c5 53. bxc5 Rb7 54. c6 Rb8 55. Nf4 b4 56. Nd5+ Kf7 57. c7 Rc8 58. Kd3 Rg7 59. Rxg7+ Kxg7 60. e5 Kf7 61. e6+ Kg7 62. f6+ Kf8 63. Kc4 b3 64. Kxb3 Ke8 65. Kc4 Ra8 66. Nb6 Rd8 67. f7+ Ke7 68. cxd8Q+ Kxd8 69. f8Q+ Kc7 70. Qc8+ Kd6 71. Qd7# 1-0

[Event "IND-ch U15 49th"]
[Site "Hosur"]
[Date "2024.11.07"]
[Round "6"]
[White "Gaikwad, Manas"]
[Black "Arnav, Agrawal"]
[Result "1/2-1/2"]
[WhiteElo "2008"]
[BlackElo "1939"]
[PlyCount "65"]
[EventDate "2024.11.03"]
[EventType "swiss"]
[EventRounds "11"]
[EventCountry "IND"]
[SourceTitle "CB45_2024"]
[Source "ChessBase"]
[SourceDate "2024.11.06"]
[SourceVersion "1"]
[SourceVersionDate "2024.11.06"]
[SourceQuality "1"]

1. e4 c5 2. Nf3 d6 3. d4 cxd4 4. Nxd4 Nf6 5. Nc3 a6 6. Bg5 Nbd7 7. Bc4 Qb6 8. Bb3 e6 9. Qd2 Be7 10. 0-0-0 Nc5 11. Rhe1 h6 12. Bh4 Bd7 13. Qe2 0-0-0 14. Bg3 Kb8 15. Kb1 Bc6 16. Nxc6+ Qxc6 17. Nd5 Ncxe4 18. Nxe7 Qd7 19. Bf4 Qxe7 20. f3 Nc5 21. Rxd6 Rxd6 22. Qe5 Rhd8 23. Qxc5 Ka8 24. Bxd6 Rxd6 25. Qc8+ Ka7 26. Qc5+ Kb8 27. Qf2 Qd7 28. a3 Ka8 29. Qg3 Ne8 30. Qf2 Nc7 31. Qc5 f6 32. Ka2 e5 33. Re3 1/2-1/2

[Event "IND-ch U15 49th"]
[Site "Hosur"]
[Date "2024.11.06"]
[Round "5"]
[White "Reyan, Md"]
[Black "Arnav, Agrawal"]
[Result "1/2-1/2"]
[WhiteElo "2219"]
[BlackElo "1939"]
[PlyCount "71"]
[EventDate "2024.11.03"]
[EventType "swiss"]
[EventRounds "11"]
[EventCountry "IND"]
[SourceTitle "CB45_2024"]
[Source "ChessBase"]
[SourceDate "2024.11.06"]
[SourceVersion "1"]
[SourceVersionDate "2024.11.06"]
[SourceQuality "1"]

1. e4 c5 2. Nc3 d6 3. d4 cxd4 4. Qxd4 Nc6 5. Qd2 Nf6 6. b3 e6 7. Bb2 d5 8. exd5 exd5 9. 0-0-0 Be6 10. Kb1 Qa5 11. Nb5 Bb4 12. Qf4 0-0 13. Bxf6 gxf6 14. Rd3 Be7 15. Rg3+ Kh8 16. Nf3 Rg8 17. Bd3 Nb4 18. a4 Nxd3 19. cxd3 a6 20. Nbd4 Qb4 21. Qd2 Qxd2 22. Nxd2 Bd6 23. Rxg8+ Rxg8 24. g3 Bc5 25. N2f3 Rg4 26. Nxe6 fxe6 27. Rc1 Bxf2 28. Rc8+ Kg7 29. Rc7+ Kg8 30. Rxb7 e5 31. Kc2 e4 32. Nh4 Rg5 33. Re7 Re5 34. Rxe5 exd3+ 35. Kxd3 fxe5 36. b4 1/2-1/2